Statistics for Name the teletubbies

Click here to take the quiz!

General Stats

  • This quiz has been taken 395 times
  • The average score is 3 of 5

Answer Stats

HintAnswer% Correct
RedPo
99%
GreenDipsy
71%
PurpleTinky Winky
67%
YellowLaa-laa
52%
CLEANNoo-Noo
42%

Score Distribution

Percentile by Number Answered

Percent of People with Each Score

Your Score History

You have not taken this quiz